000 00692nam a2200205 4500
999 _c2934
_d2934
001 2934
003 BD-JhCC
005 20171108170712.0
008 171108b1364 bg ||||| |||| 00| 0 ben d
035 _a(BD-JhCC)
040 _aBD-JhCC
_dBD-JhCC
041 _aben
082 _a891.443
_bDAS 1364
100 _aদাস, বারীন্দ্রনাথ
245 _aপূর্বরাগের ইতিহাস /
_cবারীন্দ্রনাথ দাস
260 _aঢাকা:
_bস্ট্যান্ডার্ড পাবলিশার্স;
_c১৩৬৪
300 _a১৩৮ পৃ.;
_c২২ সেমি
650 _aBengali novel
942 _2ddc
_cBK